000 01008cam a2200361 i 4500
001 200440904
003 TR-AnTOB
005 20260108114450.0
007 TA
008 020809s1998 enk 000 0 eng
010 _a 2002201970
_z 99224579
035 _a(OCoLC)ocm50543839
040 _aDLC
_beng
_erda
_cDLC
_dOCoLC
_dTR-AnTOB
041 0 _aeng
042 _apcc
050 0 0 _aHG8021
_b.I584 1998
090 _aTOBBK HG8021
_b.I584 1998
099 _a368 INT 1998
245 0 0 _aInternational insurance directory.
264 1 _aLondon :
_bLLP,
_c1998.
300 _avii, 530 pages :
_billustrations ;
_c30 cm
310 _aAnnual
336 _atext
_btxt
_2rdacontent
337 _aunmediated
_bn
_2rdamedia
338 _avolume
_bnc
_2rdacarrier
362 0 _a1998.
650 0 _aInsurance
_vDirectories
_9130503
650 0 _aInsurance companies
_vDirectories
_96125
710 2 _aLLP Limited
_9151695
942 _2z
_cBK
999 _c200440904
_d59116